| 000 | 00379cam a2200145ua 4500 | ||
|---|---|---|---|
| 041 |
_aeng _h |
||
| 082 |
_a928.23 _bROS/VI |
||
| 100 | _aRossetti, Dange Gabriel . | ||
| 245 |
_aVictorian romantic / _cDante Gabriel Rossetti. _hTextual Documents |
||
| 260 |
_aLondon : _bOxford University Press , _c1960. |
||
| 300 | _a712 ; . | ||
| 504 | _a | ||
| 942 | _cBK | ||
| 999 |
_c6335 _d6335 |
||